Absolute Adjectives Quiz Stats

 Plays Quiz Updated Apr 22, 2019

Support Sporcle.
Go Orange.
Score 0/12 Timer 03:00
2 Plays Today
% Correct
Complete
89.7%
Perfect
89.6%
Infinite
89.3%
Equal
85.9%
True
84.8%
First
84.3%
Impossible
82.5%
Supreme
79.3%
Unique
78.4%
Dead
66.1%
Fatal
65.5%
Pregnant
57.3%

You're not logged in!

Compare scores with friends on all Sporcle quizzes.
OR
Log In

From the Vault

Nintendo Character Hodgepodge

by BanjoZebra

At this point it's basically Smash Bros when you think about it.
Remove Ads.
Support Sporcle.
Get the best of Sporcle when you Go Orange. This ad-free experience offers more features, more stats, and more fun while also helping to support Sporcle. Thank you for becoming a member.

Show Comments

Extras

Top Quizzes Today


Score Distribution

Your Account Isn't Verified!

In order to create a playlist on Sporcle, you need to verify the email address you used during registration. Go to your Sporcle Settings to finish the process.

Report this User

Report this user for behavior that violates our Community Guidelines.

Details: